|
|
|
|
| LEADER |
01655nam a2200409 a 4500 |
| 001 |
EBC201601 |
| 003 |
MiAaPQ |
| 005 |
20200520144314.0 |
| 006 |
m o d | |
| 007 |
cr cn||||||||| |
| 008 |
980724s1999 enka sb 001 0 eng |
| 010 |
|
|
|z 98038611
|
| 020 |
|
|
|z 052162178X (hc.)
|
| 035 |
|
|
|a (MiAaPQ)EBC201601
|
| 035 |
|
|
|a (Au-PeEL)EBL201601
|
| 035 |
|
|
|a (CaPaEBR)ebr5006365
|
| 035 |
|
|
|a (CaONFJC)MIL16178
|
| 035 |
|
|
|a (OCoLC)475915457
|
| 040 |
|
|
|a MiAaPQ
|c MiAaPQ
|d MiAaPQ
|
| 050 |
|
4 |
|a HE3138
|b .H48 1999
|
| 082 |
0 |
4 |
|a 385/.0947
|2 21
|
| 100 |
1 |
|
|a Heywood, Anthony.
|
| 245 |
1 |
0 |
|a Modernising Lenin's Russia
|h [electronic resource] :
|b economic reconstruction, foreign trade and the railways /
|c Anthony Heywood.
|
| 260 |
|
|
|a Cambridge ;
|a New York :
|b Cambridge University Press,
|c 1999.
|
| 300 |
|
|
|a xviii, 328 p. :
|b ill.
|
| 490 |
1 |
|
|a Cambridge Russian, Soviet and post-Soviet studies ;
|v 105
|
| 504 |
|
|
|a Includes bibliographical references (p. 235-310) and index.
|
| 533 |
|
|
|a Electronic reproduction. Ann Arbor, MI : ProQuest, 2015. Available via World Wide Web. Access may be limited to ProQuest affiliated libraries.
|
| 650 |
|
0 |
|a Railroads
|z Soviet Union
|x History.
|
| 650 |
|
0 |
|a Railroads and state
|z Soviet Union.
|
| 650 |
|
0 |
|a Railroads
|z Soviet Union
|x Equipment and supplies.
|
| 651 |
|
0 |
|a Soviet Union
|x Economic policy.
|
| 651 |
|
0 |
|a Soviet Union
|x Economic conditions.
|
| 655 |
|
4 |
|a Electronic books.
|
| 710 |
2 |
|
|a ProQuest (Firm)
|
| 830 |
|
0 |
|a Cambridge Russian, Soviet and post-Soviet studies ;
|v 105.
|
| 856 |
4 |
0 |
|u https://ebookcentral.proquest.com/lib/matrademy/detail.action?docID=201601
|z Click to View
|